00630nam a2200169Ia 4500001001300000003001000013008004100023040002500064041000700089100001100096245011500107250001100222260003000233300001200263500012500275650006000400a1395-34907 IT-MiCISF161014s9999||||xx |||||||||||||| ||und|| aIT-MiCISFcIT-MiCISF ait aAA.VV. 0aPensieri per una buona educazionebEssere adulti, educatori, genitori per comunicare il significato della vita a1a ed. a MilanobIn Dialogoc2000 app. 203 aAzione Cattolica Ambrosiana / educazione-genitori, educazione-bambini, educazione-familiare, educazione, età€-adulta /  a Genitorialità€ e problemi educativi / educazionee004